[Event "22nd Hoogeveen Open 2018"]
[Site "Hoogeveen"]
[Date "2018.10.22"]
[Round "4"]
[White "Vroombout, Enrico"]
[Black "Iniyan, P."]
[Result "0-1"]
[WhiteElo "2132"]
[BlackElo "2476"]
[Annotator "TA"]
[PlyCount "104"]
[EventDate "2018.10.20"]
[EventType "swiss"]
[EventCountry "NED"]
[SourceTitle "playchess.com"]
[Source "ChessBase"]
[SourceQuality "1"]

{[%evp 35,104,-9,58,0,39,30,120,139,195,185,193,198,185,193,193,134,137,124,125,124,137,83,84,-14,-6,-8,0,-16,-13,-14,-19,-7,-8,-12,-14,-21,-8,-22,-8,-8,-16,-48,-49,-46,-42,-66,-47,-60,-8,-129,-122,-102,-108,-98,-95,-372,-361,-470,-395,-787,-762,-1613,-1669,-1659,-1573,-1981,-1958,-29984,-29985,-29998,-29999]} 1. d4 Nf6 2. c4 g6 3. Nc3 Bg7 4. e4 d6 5. Nf3 {[%cal Bg1f3,Bf3e1,Be1d3][%mdl 32]} O-O 6. Be2 e5 7. O-O Nc6 8. d5 Ne7 9. Ne1 Nd7 10. Nd3 f5 11. Bd2 Nf6 12. f3 f4 13. c5 g5 14. cxd6 cxd6 15. Nf2 h5 16. h3 Rf7 {E99: King's Indian: Classical Main Line: 9 Ne1 Nd7 10 f3 f5} (16... Ng6 17. Qc2 Rf7 18. Rfc1 g4 19. fxg4 f3 20. Bxf3 hxg4 21. hxg4 Nh7 22. Nb5 Nh4 23. Nc7 Nxf3+ 24. gxf3 Qh4 25. Kg2 Rxf3 26. Kxf3 Bxg4+ 27. Nxg4 {1-0 (45) Fier,A (2601)-Flores,D (2599) Campinas 2010}) 17. Rc1 Ng6 18. Qb3 Bf8 {LiveBook: 3 Games} (18... a6 $11) 19. Rc2 (19. Nb5 $1 $14) 19... Nh4 20. Nb5 $1 {Rfc1 is the strong threat.} a6 $146 {[#]} (20... Rg7 $11 {keeps the balance.}) ({Predecessor:} 20... g4 21. hxg4 hxg4 22. fxg4 Rg7 {0-1 (43) Packroff,H (2192)-Schuetze,N (2276) Germany 2007}) 21. Nc7 $1 $16 {[%cal Rc7a8]} Rb8 (21... Rxc7 $16 22. Ba5 Ne8) 22. Rfc1 $18 Bd7 23. Ne6 Bxe6 24. dxe6 Re7 25. Bc4 (25. Rc7 $18) 25... Kh8 $16 26. Bd5 Rg7 27. Be1 Ng6 28. Qa4 (28. a3 $142) 28... Ne7 29. Qa5 ({White should try} 29. Rd1 $16) 29... Qxa5 30. Bxa5 {[#] Threatens to win with Bc7.} Nexd5 31. exd5 Nxd5 32. Rc8 Rxc8 33. Rxc8 Rg8 34. Rb8 b5 35. Ne4 Be7 $36 {[%mdl 2048] Black has good play.} 36. Rb7 Rg6 37. Nc3 Nxc3 38. Rxe7 $11 {[%mdl 4096] Endgame KRB-KRN} Nd5 39. Ra7 $1 Rxe6 40. Rxa6 Rg6 41. Kf2 Kg7 (41... Kg8 $15) 42. Ra7+ (42. Bd2 $1 $11 {remains equal.}) 42... Kf6 $17 43. Rb7 Ne3 44. Rxb5 g4 45. fxg4 $2 {[%mdl 8192]} (45. hxg4 $17 {is the only way for White.} hxg4 46. Bc7) 45... hxg4 $19 {[%cal Bh5g4,Bg4g3][%mdl 32]} 46. h4 g3+ 47. Kf3 $2 (47. Kg1 Ke6 48. Rb8) 47... d5 {[%cal Bd6d5,Bd5d4,Bd4d3][%mdl 32]} 48. Rb6+ Kf5 49. Rxg6 Kxg6 50. Bd2 d4 51. a4 Kf5 52. a5 d3 {Precision: White = 41%, Black = 60%.} 0-1

[Event "22nd Hoogeveen Open 2018"]
[Site "Hoogeveen"]
[Date "2018.10.22"]
[Round "4"]
[White "Hilwerda, Jonas"]
[Black "Schippers, Maurice"]
[Result "0-1"]
[WhiteElo "2109"]
[BlackElo "2272"]
[Annotator "ChessBase"]
[PlyCount "132"]
[EventDate "2018.10.20"]
[EventType "swiss"]
[EventCountry "NED"]
[SourceTitle "playchess.com"]
[Source "ChessBase"]
[SourceQuality "1"]
[TimeControl "40/5400+30:1800+30"]

1. d4 {[%emt 0:00:00]} Nf6 {[%emt 0:00:00]} 2. Bf4 {[%emt 0:00:00]} g6 {[%emt 0:00:00]} 3. Nc3 {[%emt 0:00:00]} d6 {[%emt 0:02:26]} 4. e4 {[%emt 0:01:25]} Bg7 {[%emt 0:00:47]} 5. Qd2 {[%emt 0:00:27]} c6 {[%emt 0:01:17]} 6. h4 {[%emt 0:03:37]} Qa5 {[%emt 0:03:01]} 7. Be2 {[%emt 0:02:52]} b5 {[%emt 0:01:33]} 8. e5 {[%emt 0:18:52]} b4 {[%emt 0:17:35]} 9. exf6 {[%emt 0:01:51]} bxc3 {[%emt 0:00:05]} 10. fxg7 {[%emt 0:04:00]} cxd2+ {[%emt 0:00:05]} 11. Bxd2 {[%emt 0:00:02]} Qxd2+ {[%emt 0:00:17]} 12. Kxd2 {[%emt 0:00:03]} Rg8 {[%emt 0:00:08]} 13. h5 {[%emt 0:01:07]} gxh5 {[%emt 0:04:05]} 14. Rxh5 {[%emt 0:01:08]} Rxg7 {[%emt 0:01:46]} 15. g3 {[%emt 0:03:11]} Nd7 {[%emt 0:03:01]} 16. Bf3 {[%emt 0:09:08]} Bb7 {[%emt 0:02:20]} 17. Ne2 {[%emt 0:07:07]} Nf6 {[%emt 0:00:59]} 18. Rh4 {[%emt 0:02:02]} O-O-O {[%emt 0:02:38]} 19. Re1 {[%emt 0:14:00]} Rg5 {[%emt 0:05:47]} 20. Kc1 {[%emt 0:02:08]} e5 {[%emt 0:05:45]} 21. dxe5 {[%emt 0:07:22]} dxe5 {[%emt 0:08:39]} 22. Bg2 {[%emt 0:01:40]} Kc7 {[%emt 0:07:52]} 23. Nc3 {[%emt 0:06:03]} Rf5 {[%emt 0:05:12]} 24. f4 {[%emt 0:01:46]} exf4 {[%emt 0:07:01]} 25. gxf4 {[%emt 0:00:59]} Rh5 {[%emt 0:02:51]} 26. Reh1 {[%emt 0:03:48]} Rxh4 {[%emt 0:01:27]} 27. Rxh4 {[%emt 0:00:02]} Rd4 {[%emt 0:04:26]} 28. Ne2 {[%emt 0:00:32]} Rd6 {[%emt 0:00:46]} 29. Ng3 {[%emt 0:01:34]} c5 {[%emt 0:02:37]} 30. Bxb7 {[%emt 0:01:20]} Kxb7 {[%emt 0:00:06]} 31. Nf5 {[%emt 0:00:20]} Rd5 {[%emt 0:01:26]} 32. Nh6 {[%emt 0:01:25]} Rh5 {[%emt 0:01:26]} 33. Rxh5 {[%emt 0:00:02]} Nxh5 {[%emt 0:00:06]} 34. Nxf7 {[%emt 0:00:03]} Nxf4 {[%emt 0:00:13]} 35. Kd2 {[%emt 0:00:02]} Kc6 {[%emt 0:01:45]} 36. c4 {[%emt 0:02:25]} Nh3 {[%emt 0:04:20]} 37. Ke3 {[%emt 0:01:10]} Kd7 {[%emt 0:00:13]} 38. Ne5+ {[%emt 0:00:39]} Kd6 {[%emt 0:01:08]} 39. Ke4 {[%emt 0:01:02]} Nf2+ {[%emt 0:00:54]} 40. Kf5 {[%emt 0:01:35]} Nd1 {[%emt 0:01:20]} 41. b3 {[%emt 0:04:32]} Nc3 {[%emt 0:02:27]} 42. a3 {[%emt 0:05:59]} Nb1 {[%emt 0:03:25]} 43. Nf7+ {[%emt 0:01:04]} Kc7 {[%emt 0:02:41]} 44. Ke6 {[%emt 0:06:08]} Nd2 {[%emt 0:02:01]} 45. b4 {[%emt 0:01:30]} cxb4 {[%emt 0:00:46]} 46. axb4 {[%emt 0:00:27]} Nxc4 {[%emt 0:00:07]} 47. Kd5 {[%emt 0:00:59]} Ne3+ {[%emt 0:02:34]} 48. Kd4 {[%emt 0:02:09]} Nf5+ {[%emt 0:01:45]} 49. Kc5 {[%emt 0:00:59]} h5 {[%emt 0:00:31]} 50. b5 {[%emt 0:01:01]} h4 {[%emt 0:02:22]} 51. Ng5 {[%emt 0:00:01]} Nd6 {[%emt 0:02:46]} 52. Ne6+ {[%emt 0:04:57]} Kd7 {[%emt 0:00:19]} 53. Nf4 {[%emt 0:00:48]} Nb7+ {[%emt 0:04:08]} 54. Kd5 {[%emt 0:00:21]} Kc7 {[%emt 0:00:30]} 55. Kc4 {[%emt 0:00:30]} Kb6 {[%emt 0:02:20]} 56. Kb4 {[%emt 0:00:02]} Nd6 {[%emt 0:00:26]} 57. Nd5+ {[%emt 0:00:11]} Kb7 {[%emt 0:00:07]} 58. Nf4 {[%emt 0:00:53]} Ne4 {[%emt 0:00:19]} 59. Nh3 {[%emt 0:00:58]} Kb6 {[%emt 0:00:23]} 60. Nf4 {[%emt 0:00:26]} Nf2 {[%emt 0:00:27]} 61. Nd5+ {[%emt 0:00:24]} Kb7 {[%emt 0:00:05]} 62. Ne3 {[%emt 0:00:01]} h3 {[%emt 0:01:36]} 63. Nf1 {[%emt 0:00:01]} Ng4 {[%emt 0:00:15]} 64. Ng3 {[%emt 0:00:10]} h2 {[%emt 0:00:42]} 65. Nh1 {[%emt 0:00:10]} Kb6 {[%emt 0:00:11]} 66. Ka4 {[%emt 0:00:20]} Ne3 {[%emt 0:01:08]} 0-1

[Event "22nd Hoogeveen Open 2018"]
[Site "Hoogeveen"]
[Date "2018.10.22"]
[Round "4"]
[White "Jelic, Bruno"]
[Black "Husers, Yannic"]
[Result "1/2-1/2"]
[WhiteElo "2076"]
[BlackElo "1866"]
[Annotator "NA"]
[PlyCount "85"]
[EventDate "2018.10.20"]
[EventType "swiss"]
[EventCountry "NED"]
[SourceTitle "playchess.com"]
[Source "ChessBase"]
[SourceQuality "1"]
[TimeControl "40/5400+30:1800+30"]

1. d4 {[%emt 0:00:00]} Nf6 {[%emt 0:00:00]} 2. c4 {[%emt 0:00:00]} e6 {[%emt 0:00:00]} 3. Nf3 {[%emt 0:00:16]} c5 {[%emt 0:00:13]} 4. Nc3 {[%emt 0:02:01]} b6 {[%emt 0:01:09]} 5. d5 {[%emt 0:01:02]} d6 {[%emt 0:00:16]} 6. e4 {[%emt 0:03:45]} Be7 {[%emt 0:05:40]} 7. Be2 {[%emt 0:01:08]} O-O {[%emt 0:00:54]} 8. O-O {[%emt 0:00:55]} a6 {[%emt 0:02:17]} 9. a4 {[%emt 0:08:29]} Nbd7 {[%emt 0:03:47]} 10. h3 {[%emt 0:06:48]} Re8 {[%emt 0:03:03]} 11. Bf4 {[%emt 0:02:30]} e5 {[%emt 0:09:13]} 12. Bh2 {[%emt 0:01:15]} Nf8 {[%emt 0:00:42]} 13. Ne1 {[%emt 0:01:10]} g5 {[%emt 0:05:21]} 14. Nc2 {[%emt 0:01:34]} Ng6 $16 {[%emt 0:00:47]} 15. Ne3 {[%emt 0:00:54]} Bf8 {[%emt 0:02:53]} 16. Ng4 {[%emt 0:04:29]} Bg7 {[%emt 0:03:48]} 17. Nxf6+ {[%emt 0:02:04]} Bxf6 {[%emt 0:02:11]} 18. Ra3 {[%emt 0:04:29]} Kh8 {[%emt 0:00:52]} 19. Bg4 {[%emt 0:00:33]} Rg8 {[%emt 0:00:55]} 20. Ne2 {[%emt 0:02:42]} Bxg4 {[%emt 0:05:50]} 21. hxg4 {[%emt 0:00:19]} Qd7 {[%emt 0:00:31]} 22. Ng3 {[%emt 0:02:17]} b5 {[%emt 0:08:29]} 23. Qf3 {[%emt 0:08:07]} Nf4 {[%emt 0:00:29]} 24. b3 {[%emt 0:07:20]} Rgb8 {[%emt 0:04:31]} 25. Nf5 {[%emt 0:00:54]} Bg7 {[%emt 0:04:19]} 26. Bxf4 {[%emt 0:04:34]} exf4 {[%emt 0:09:15]} 27. g3 {[%emt 0:05:39]} Be5 {[%emt 0:01:24]} 28. gxf4 {[%emt 0:01:05]} Bxf4 {[%emt 0:00:09]} 29. Kg2 {[%emt 0:01:17]} bxc4 {[%emt 0:00:33]} 30. bxc4 {[%emt 0:00:34]} Rb4 {[%emt 0:00:41]} 31. Rh1 {[%emt 0:02:44]} f6 {[%emt 0:03:21]} 32. Rh6 {[%emt 0:02:04]} Rf8 {[%emt 0:02:49]} 33. Ra1 {[%emt 0:04:51]} Rxc4 {[%emt 0:04:18]} 34. Rah1 {[%emt 0:01:41]} Rf7 {[%emt 0:00:16]} 35. Qh3 {[%emt 0:00:53]} Rxe4 {[%emt 0:01:31]} 36. Qh5 {[%emt 0:00:38]} Be5 {[%emt 0:04:59]} 37. Qg6 {[%emt 0:02:17]} Rxg4+ {[%emt 0:04:25]} 38. Kf1 {[%emt 0:00:18]} Rxa4 {[%emt 0:03:29]} 39. Rxh7+ {[%emt 0:02:05]} Rxh7 {[%emt 0:00:08]} 40. Rxh7+ {[%emt 0:00:14]} Qxh7 {[%emt 0:00:08]} 41. Qe8+ {[%emt 0:30:16]} Qg8 {[%emt 0:30:09]} 42. Qh5+ {[%emt 0:00:37]} Qh7 {[%emt 0:00:10]} 43. Qe8+ {[%emt 0:00:10]} 1/2-1/2

[Event "22nd Hoogeveen Open 2018"]
[Site "Hoogeveen"]
[Date "2018.10.22"]
[Round "4"]
[White "Hoffman, Ron"]
[Black "Elgersma, Simon"]
[Result "0-1"]
[WhiteElo "2060"]
[BlackElo "2237"]
[Annotator "NA"]
[PlyCount "72"]
[EventDate "2018.10.20"]
[EventType "swiss"]
[EventCountry "NED"]
[SourceTitle "playchess.com"]
[Source "ChessBase"]
[SourceQuality "1"]
[TimeControl "40/5400+30:1800+30"]

1. d4 {[%emt 0:00:00]} Nf6 {[%emt 0:01:54]} 2. Bf4 {[%emt 0:00:00]} g6 {[%emt 0:00:01]} 3. e3 {[%emt 0:00:00]} Bg7 {[%emt 0:00:04]} 4. Nf3 {[%emt 0:00:01]} d6 {[%emt 0:01:10]} 5. Be2 {[%emt 0:00:11]} O-O {[%emt 0:00:11]} 6. O-O {[%emt 0:00:11]} Nbd7 {[%emt 0:00:28]} 7. h3 {[%emt 0:00:35]} c5 {[%emt 0:00:07]} 8. c3 {[%emt 0:00:11]} b6 {[%emt 0:00:07]} 9. Nbd2 {[%emt 0:00:16]} Bb7 {[%emt 0:00:07]} 10. Bh2 {[%emt 0:00:17]} Rc8 {[%emt 0:05:25]} 11. a4 {[%emt 0:01:53]} a6 {[%emt 0:01:27]} 12. Bd3 {[%emt 0:05:40]} Rc7 {[%emt 0:30:07]} 13. Qe2 {[%emt 0:01:32]} Qa8 {[%emt 0:01:59]} 14. e4 {[%emt 0:00:35]} cxd4 {[%emt 0:12:08]} 15. cxd4 {[%emt 0:00:48]} e5 {[%emt 0:01:02]} 16. dxe5 {[%emt 0:07:53]} dxe5 $14 {[%emt 0:00:15]} 17. Nxe5 {[%emt 0:01:11]} Nxe5 {[%emt 0:00:30]} 18. Bxe5 {[%emt 0:00:06]} Rd7 {[%emt 0:01:11]} 19. Bc3 {[%emt 0:09:57]} Rfd8 {[%emt 0:03:46]} 20. Bc2 {[%emt 0:01:58]} Nh5 {[%emt 0:12:10]} 21. Nc4 {[%emt 0:06:52]} Bxc3 {[%emt 0:02:03]} 22. bxc3 {[%emt 0:00:47]} Qb8 {[%emt 0:04:50]} 23. Rad1 {[%emt 0:03:59]} Qc7 {[%emt 0:02:47]} 24. Bb3 {[%emt 0:19:15]} Nf4 {[%emt 0:02:19]} 25. Qf3 {[%emt 0:02:42]} Rxd1 {[%emt 0:03:21]} 26. Rxd1 {[%emt 0:00:35]} Rxd1+ {[%emt 0:00:40]} 27. Qxd1 {[%emt 0:01:07]} Bxe4 {[%emt 0:06:46]} 28. Nd6 {[%emt 0:02:57]} Bxg2 {[%emt 0:02:00]} 29. Bxf7+ {[%emt 0:02:36]} Kf8 {[%emt 0:01:01]} 30. Qd2 {[%emt 0:03:12]} g5 {[%emt 0:00:28]} 31. h4 {[%emt 0:02:43]} Ke7 {[%emt 0:00:59]} 32. Bc4 {[%emt 0:25:28]} Qxd6 {[%emt 0:00:25]} 33. Qe3+ {[%emt 0:00:29]} Kd8 {[%emt 0:00:28]} 34. hxg5 {[%emt 0:00:13]} Qd1+ {[%emt 0:00:24]} 35. Kh2 {[%emt 0:00:02]} Qh5+ {[%emt 0:00:07]} 36. Kg3 {[%emt 0:00:14]} Qxg5+ {[%emt 0:00:02]} 0-1

[Event "22nd Hoogeveen Open 2018"]
[Site "Hoogeveen"]
[Date "2018.10.22"]
[Round "4"]
[White "Verhoef, Pieter"]
[Black "Damen, Jip"]
[Result "0-1"]
[WhiteElo "2058"]
[BlackElo "2192"]
[Annotator "NA"]
[PlyCount "86"]
[EventDate "2018.10.20"]
[EventType "swiss"]
[EventCountry "NED"]
[SourceTitle "playchess.com"]
[Source "ChessBase"]
[SourceQuality "1"]
[TimeControl "40/5400+30:1800+30"]

1. e4 {[%emt 0:00:00]} g6 {[%emt 0:00:00]} 2. d4 {[%emt 0:00:00]} Bg7 {[%emt 0:00:00]} 3. Nf3 {[%emt 0:00:00]} d6 {[%emt 0:00:00]} 4. Nc3 {[%emt 0:00:00]} a6 {[%emt 0:00:10]} 5. a4 {[%emt 0:00:00]} Nf6 {[%emt 0:00:40]} 6. h3 {[%emt 0:00:07]} O-O {[%emt 0:00:35]} 7. Be3 {[%emt 0:00:40]} b6 {[%emt 0:00:20]} 8. Bd3 {[%emt 0:06:16]} Nc6 {[%emt 0:00:38]} 9. e5 {[%emt 0:02:28]} dxe5 {[%emt 0:01:22]} 10. dxe5 {[%emt 0:00:08]} Nd5 {[%emt 0:00:40]} 11. Be4 {[%emt 0:03:17]} Nxe3 {[%emt 0:00:27]} 12. fxe3 {[%emt 0:00:44]} Bb7 {[%emt 0:00:49]} 13. Nd4 {[%emt 0:02:17]} Na5 {[%emt 0:10:18]} 14. Bxb7 {[%emt 0:00:17]} Nxb7 {[%emt 0:00:05]} 15. Nc6 {[%emt 0:00:06]} Qe8 {[%emt 0:01:13]} 16. Qf3 {[%emt 0:03:10]} Na5 {[%emt 0:04:00]} 17. Nxa5 {[%emt 0:01:49]} bxa5 {[%emt 0:00:04]} 18. Qd5 {[%emt 0:03:25]} Qb8 {[%emt 0:01:04]} 19. Rb1 {[%emt 0:06:34]} c6 {[%emt 0:05:14]} 20. Qxa5 {[%emt 0:00:06]} Bxe5 {[%emt 0:01:38]} 21. O-O {[%emt 0:00:55]} Bc7 {[%emt 0:03:51]} 22. Qc5 {[%emt 0:00:38]} Qb7 {[%emt 0:00:44]} 23. Qc4 {[%emt 0:07:15]} Qb6 {[%emt 0:03:14]} 24. Qe4 {[%emt 0:02:15]} Qc5 {[%emt 0:03:59]} 25. Ne2 {[%emt 0:02:00]} Rad8 {[%emt 0:05:19]} 26. Nd4 {[%emt 0:00:26]} Qd6 {[%emt 0:03:48]} 27. Nf3 {[%emt 0:00:25]} a5 {[%emt 0:06:32]} 28. c3 {[%emt 0:01:27]} e5 {[%emt 0:04:19]} 29. Qc4 {[%emt 0:02:12]} Bb6 {[%emt 0:02:28]} 30. Qe4 {[%emt 0:01:01]} Rfe8 {[%emt 0:03:23]} 31. b4 {[%emt 0:02:52]} Qd5 {[%emt 0:05:27]} 32. Qxd5 {[%emt 0:01:52]} Bxe3+ {[%emt 0:00:47]} 33. Kh1 {[%emt 0:00:05]} Rxd5 {[%emt 0:00:09]} 34. c4 {[%emt 0:01:01]} Rd3 {[%emt 0:00:42]} 35. b5 {[%emt 0:02:01]} e4 {[%emt 0:01:18]} 36. bxc6 {[%emt 0:04:52]} exf3 {[%emt 0:02:03]} 37. Rxf3 {[%emt 0:00:06]} Rdd8 {[%emt 0:05:30]} 38. Rb7 {[%emt 0:02:02]} f5 {[%emt 0:01:33]} 39. Rb5 {[%emt 0:01:53]} Rd1+ {[%emt 0:02:08]} 40. Kh2 {[%emt 0:00:08]} f4 {[%emt 0:00:59]} 41. Rd5 {[%emt 0:31:47]} Bg1+ {[%emt 0:33:06]} 42. Kh1 {[%emt 0:00:05]} Rc1 {[%emt 0:02:32]} 43. Rfd3 {[%emt 0:01:30]} Bf2+ {[%emt 0:01:03]} 0-1

[Event "22nd Hoogeveen Open 2018"]
[Site "Hoogeveen"]
[Date "2018.10.22"]
[Round "4"]
[White "Boersma, Jan"]
[Black "Achuthan, Dylan"]
[Result "1-0"]
[WhiteElo "2047"]
[BlackElo "1751"]
[Annotator "NA"]
[PlyCount "79"]
[EventDate "2018.10.20"]
[EventType "swiss"]
[EventCountry "NED"]
[SourceTitle "playchess.com"]
[Source "ChessBase"]
[SourceQuality "1"]
[TimeControl "40/5400+30:1800+30"]

1. e4 {[%emt 0:00:00]} c5 {[%emt 0:00:00]} 2. f4 {[%emt 0:00:00]} Nc6 {[%emt 0:02:06]} 3. Nf3 {[%emt 0:00:00]} e6 {[%emt 0:00:22]} 4. Bb5 {[%emt 0:00:12]} d5 {[%emt 0:00:12]} 5. exd5 {[%emt 0:04:37]} exd5 {[%emt 0:00:08]} 6. O-O {[%emt 0:00:34]} Nf6 {[%emt 0:00:17]} 7. b3 {[%emt 0:00:36]} Be7 {[%emt 0:00:26]} 8. Bb2 {[%emt 0:00:05]} O-O {[%emt 0:00:31]} 9. Bxc6 {[%emt 0:00:07]} bxc6 {[%emt 0:00:01]} 10. Ne5 {[%emt 0:00:10]} Qc7 {[%emt 0:01:04]} 11. d3 {[%emt 0:00:18]} c4 {[%emt 0:11:52]} 12. Nd2 {[%emt 0:02:47]} cxd3 {[%emt 0:05:39]} 13. cxd3 {[%emt 0:00:08]} Ba6 {[%emt 0:02:00]} 14. Rc1 {[%emt 0:07:05]} c5 {[%emt 0:03:20]} 15. Rf3 {[%emt 0:00:45]} Rac8 {[%emt 0:03:25]} 16. Rg3 {[%emt 0:01:36]} d4 {[%emt 0:06:41] [#]} 17. Bxd4 $16 {[%emt 0:02:24]} Qd6 {[%emt 0:03:40]} 18. Bb2 {[%emt 0:00:36]} Rfd8 {[%emt 0:00:51]} 19. Qf3 {[%emt 0:26:40]} Qb6 {[%emt 0:09:00]} 20. Nec4 {[%emt 0:09:53]} Qe6 {[%emt 0:06:01]} 21. f5 {[%emt 0:10:35]} Qd7 {[%emt 0:09:11]} 22. Ne4 {[%emt 0:02:29]} Qc6 {[%emt 0:06:36]} 23. Ne5 {[%emt 0:09:43]} Qb6 {[%emt 0:02:28]} 24. Nc4 {[%emt 0:04:38]} Qc6 {[%emt 0:02:30]} 25. Re1 {[%emt 0:00:50]} Bxc4 {[%emt 0:02:29]} 26. bxc4 {[%emt 0:02:18]} Kf8 {[%emt 0:10:28]} 27. Bc3 {[%emt 0:02:35]} a6 {[%emt 0:02:39]} 28. a4 {[%emt 0:03:16]} h6 {[%emt 0:02:30]} 29. a5 {[%emt 0:00:10]} Rd7 {[%emt 0:00:40]} 30. Qe2 {[%emt 0:02:16]} Kg8 {[%emt 0:04:08]} 31. Rb1 {[%emt 0:00:34]} Kf8 {[%emt 0:03:34]} 32. Rb6 {[%emt 0:00:20]} Qc7 {[%emt 0:00:30]} 33. Bxf6 {[%emt 0:00:48]} Bxf6 {[%emt 0:00:05]} 34. Rxf6 {[%emt 0:00:18]} Qxa5 {[%emt 0:00:38]} 35. Kf2 {[%emt 0:02:55]} Qa1 {[%emt 0:00:52]} 36. Rb6 {[%emt 0:00:07]} Qd4+ {[%emt 0:00:34]} 37. Qe3 {[%emt 0:01:29]} Qe5 {[%emt 0:00:26]} 38. h4 {[%emt 0:00:55]} a5 {[%emt 0:00:29]} 39. f6 {[%emt 0:00:09]} g6 {[%emt 0:00:32]} 40. Qxh6+ {[%emt 0:00:05]} 1-0

[Event "22nd Hoogeveen Open 2018"]
[Site "Hoogeveen"]
[Date "2018.10.22"]
[Round "4"]
[White "Van de Pavoordt, Max"]
[Black "Rubingh, Otto"]
[Result "0-1"]
[WhiteElo "2034"]
[BlackElo "2154"]
[Annotator "NA"]
[PlyCount "60"]
[EventDate "2018.10.20"]
[EventType "swiss"]
[EventCountry "NED"]
[SourceTitle "playchess.com"]
[Source "ChessBase"]
[SourceQuality "1"]
[TimeControl "40/5400+30:1800+30"]

1. e4 {[%emt 0:00:00]} Nf6 {[%emt 0:00:07]} 2. e5 {[%emt 0:00:17]} Nd5 {[%emt 0:00:08]} 3. c4 {[%emt 0:00:05]} Nb6 {[%emt 0:00:12]} 4. d4 {[%emt 0:00:13]} d6 {[%emt 0:00:29]} 5. f4 {[%emt 0:06:23]} dxe5 {[%emt 0:01:54]} 6. fxe5 {[%emt 0:00:08]} Nc6 {[%emt 0:00:30]} 7. Nf3 {[%emt 0:01:02]} Bg4 {[%emt 0:02:31]} 8. Be3 {[%emt 0:00:52]} e6 {[%emt 0:00:43]} 9. Qd2 {[%emt 0:05:29]} Be7 {[%emt 0:02:06]} 10. Be2 {[%emt 0:01:30]} Bxf3 {[%emt 0:03:19]} 11. gxf3 {[%emt 0:00:48]} Bh4+ {[%emt 0:00:20]} 12. Kf1 {[%emt 0:06:05]} f6 {[%emt 0:05:39]} 13. f4 {[%emt 0:02:44]} fxe5 {[%emt 0:06:21]} 14. dxe5 {[%emt 0:09:38]} Qe7 {[%emt 0:00:45]} 15. Qd3 {[%emt 0:01:58]} O-O {[%emt 0:01:27]} 16. Qe4 {[%emt 0:01:29]} g5 {[%emt 0:05:49]} 17. Rg1 {[%emt 0:02:22]} Kh8 {[%emt 0:01:53]} 18. Rg4 {[%emt 0:04:42]} gxf4 {[%emt 0:15:53]} 19. Bc5 {[%emt 0:05:09]} Qxc5 {[%emt 0:01:27]} 20. Rxh4 {[%emt 0:00:08]} Qe7 {[%emt 0:00:12]} 21. Rh5 {[%emt 0:02:40]} Rad8 {[%emt 0:04:18]} 22. Bd3 {[%emt 0:03:46]} Rf7 {[%emt 0:00:14]} 23. Nc3 {[%emt 0:01:20]} Rd4 {[%emt 0:01:10]} 24. Qe2 {[%emt 0:05:24]} f3 {[%emt 0:01:23]} 25. Qe3 {[%emt 0:01:56]} Qd7 {[%emt 0:09:05]} 26. Nd5 {[%emt 0:03:08]} Nxd5 {[%emt 0:01:59]} 27. cxd5 {[%emt 0:00:10]} Rxd5 {[%emt 0:01:12]} 28. Bc4 {[%emt 0:02:07]} Rd1+ {[%emt 0:00:21]} 29. Rxd1 {[%emt 0:00:15]} Qxd1+ {[%emt 0:00:07]} 30. Kf2 {[%emt 0:00:11]} Qc2+ {[%emt 0:00:10]} 0-1

[Event "22nd Hoogeveen Open 2018"]
[Site "Hoogeveen"]
[Date "2018.10.22"]
[Round "4"]
[White "Minko, Dmitry"]
[Black "Zarkovic, Mila"]
[Result "1-0"]
[WhiteElo "2011"]
[BlackElo "2213"]
[Annotator "NA"]
[PlyCount "91"]
[EventDate "2018.10.20"]
[EventType "swiss"]
[EventCountry "NED"]
[SourceTitle "playchess.com"]
[Source "ChessBase"]
[SourceQuality "1"]
[TimeControl "40/5400+30:1800+30"]

1. e4 {[%emt 0:00:00]} c5 {[%emt 0:00:00]} 2. Nf3 {[%emt 0:00:00]} d6 {[%emt 0:00:00]} 3. d4 {[%emt 0:00:00]} cxd4 {[%emt 0:00:00]} 4. Nxd4 {[%emt 0:00:00]} Nf6 {[%emt 0:00:00]} 5. Nc3 {[%emt 0:00:06]} a6 {[%emt 0:00:00]} 6. f3 {[%emt 0:00:15]} e6 {[%emt 0:00:07]} 7. Be3 {[%emt 0:00:19]} b5 {[%emt 0:00:19]} 8. Qd2 {[%emt 0:00:20]} Nbd7 {[%emt 0:00:14]} 9. O-O-O {[%emt 0:00:58]} Bb7 {[%emt 0:02:54]} 10. g4 {[%emt 0:01:56]} Nb6 {[%emt 0:00:10]} 11. a3 {[%emt 0:14:12]} Rc8 {[%emt 0:01:28]} 12. Kb1 {[%emt 0:07:15]} d5 {[%emt 0:06:52]} 13. e5 {[%emt 0:06:26]} Nfd7 {[%emt 0:00:25]} 14. f4 {[%emt 0:04:47]} b4 {[%emt 0:01:48]} 15. Na2 {[%emt 0:00:27]} bxa3 {[%emt 0:01:16]} 16. b3 {[%emt 0:00:33]} Be7 {[%emt 0:15:05]} 17. h4 {[%emt 0:04:19]} O-O {[%emt 0:00:20]} 18. g5 $17 {[%emt 0:04:02]} Nc5 {[%emt 0:37:02]} 19. Bg2 {[%emt 0:09:03]} Ne4 {[%emt 0:03:30]} 20. Bxe4 {[%emt 0:20:46]} dxe4 {[%emt 0:00:01]} 21. h5 {[%emt 0:00:26]} Bc5 {[%emt 0:04:34]} 22. g6 {[%emt 0:06:08]} Qc7 {[%emt 0:10:19]} 23. h6 {[%emt 0:01:16]} fxg6 {[%emt 0:01:31]} 24. hxg7 {[%emt 0:13:33]} Rfe8 {[%emt 0:00:20]} 25. Qh2 {[%emt 0:02:59]} Qxg7 {[%emt 0:00:09]} 26. f5 {[%emt 0:00:27]} Bxd4 {[%emt 0:05:00]} 27. Bxd4 {[%emt 0:00:01]} Nd7 {[%emt 0:01:25]} 28. fxg6 {[%emt 0:02:03]} hxg6 {[%emt 0:00:06]} 29. Rdg1 {[%emt 0:00:11]} Nf8 {[%emt 0:00:32]} 30. Be3 {[%emt 0:00:23]} Kf7 {[%emt 0:04:46]} 31. Rf1+ {[%emt 0:01:04]} Ke7 {[%emt 0:00:58]} 32. Bg5+ {[%emt 0:00:20]} Kd7 {[%emt 0:00:08]} 33. Qd2+ {[%emt 0:00:07]} Bd5 {[%emt 0:00:28]} 34. Bf6 {[%emt 0:00:20]} Qg8 {[%emt 0:00:19]} 35. c4 {[%emt 0:00:28]} Rb8 {[%emt 0:02:40]} 36. Rh3 {[%emt 0:00:52]} Rec8 {[%emt 0:00:51]} 37. cxd5 {[%emt 0:01:16]} exd5 {[%emt 0:00:02]} 38. Rd1 {[%emt 0:00:18]} Rb5 {[%emt 0:00:19]} 39. Ka1 {[%emt 0:00:34]} Qe6 {[%emt 0:02:43]} 40. Rc3 {[%emt 0:00:24]} Rcb8 {[%emt 0:00:22]} 41. Qc1 {[%emt 0:03:25]} Ke8 {[%emt 0:04:40]} 42. Rc6 {[%emt 0:04:20]} Qg4 {[%emt 0:08:08]} 43. Rg1 {[%emt 0:01:04]} Qf5 {[%emt 0:03:49]} 44. Rc7 {[%emt 0:01:20]} Nd7 {[%emt 0:01:04]} 45. Rh1 {[%emt 0:02:10]} Rxb3 {[%emt 0:03:58]} 46. Rc8+ {[%emt 0:00:17]} 1-0